000 00555nam a2200181 i 4500
001 121228
003 ES-MaACL
005 20250815062606.0
007 t|
008 070214n19001999sp r ||||1| spa d
100 1 _aPrévost-Paradol, Lucien Anatole.
_993822
245 1 3 _aLa historia universal /
_cpor Prévost-Paradol ; traducción por Luis de Terán.
260 _aMadrid :
_b[s. n.],
_c[19__] (
_fImp. Avrial)
300 _a3 t. ;
_c23 cm.
650 7 _aHistoria universal
_2embne
_913429
852 _aES-MaACL
_jF-14982-84
999 _c121228
_d121228